000
00331nam a2200145Ia 4500
100
_a
Atthreya/N.H
942
_c
BK
654
_a
culture
245
_a
Spiritual culture in the corporate drama
260
_b
MMC School Of Management
_a
Mumbai
_c
1997
082
_a
658.314
_b
ATT
300
_a
126
546
_a
ENGLISH
999
_c
35718
_d
35718